Fundamentals of computer algorithms

Αποθηκεύτηκε σε:
Λεπτομέρειες βιβλιογραφικής εγγραφής
Κύριος συγγραφέας: Horowitz, Ellis
Άλλοι συγγραφείς: Sahni, Sartaj
Μορφή: Βιβλίο
Γλώσσα:English
Δημοσίευση: Rockville : Computer sience press, 1978
Σειρά:Computer software engineering series
Θέματα:
Ετικέτες: Προσθήκη ετικέτας
Δεν υπάρχουν, Καταχωρήστε ετικέτα πρώτοι!

MARC

LEADER 00000nam a2200000 i 4500
001 1/38792
008 960305s1978 eng d
020 |a 3540120351 
035 |l 10024928 
040 |a GR-MY-UA  |b gre  |e aacr 
041 0 |a eng 
082 0 |a 519.4 
100 1 |a Horowitz, Ellis. 
245 1 0 |a Fundamentals of computer algorithms 
260 |a Rockville :   |b Computer sience press,   |c 1978 
300 |a 626 p. 
490 1 |a Computer software engineering series 
650 0 0 |a Computer programming. 
650 0 0 |a Algorithms. 
700 1 |a Sahni, Sartaj. 
830 0 |a Computer software engineering series 
852 |a INST  |b CHIOS  |e 19960305  |h 519.4 HOR  |p 005200000739  |q 005200000739  |t BK  |y 0 
852 |a INST  |b CHIOS  |e 19960305  |h 519.4 HOR  |p 005200004921  |q 005200004921  |t BK  |y 0 
852 |a INST  |b CHIOS  |e 19960305  |h 519.4 HOR  |p 005200004922  |q 005200004922  |t BK  |y 0 
852 |a INST  |b CHIOS  |e 19960305  |h 519.4 HOR  |p 005200004923  |q 005200004923  |t BK  |y 0 
852 |a INST  |b CHIOS  |e 19960305  |h 519.4 HOR  |p 005200004925  |q 005200004925  |t BK  |y 0 
909 |a Χ  |b 002922 
909 |a Χ  |b 002923 
909 |a Χ  |b 002924 
909 |a Χ  |b 002921 
909 |a Χ  |b 002920